000 01209nam a2200325Ia 4500
001 60052
003 IT-RoPAU
008 130308s9999 xx 000 0 und d
040 _aIT-RoPAU
040 _cIT-RoPAU
041 _aITALIANO
100 _aBaraldi Claudio
100 _gCodice Aut. SPICS: 21160
245 _aSemantica e comunicazione -L'evoluzione delle idee nella prospettiva sociologica di Niklas Luhmann
245 _bSemantica e Comunicazione-L'Evoluzione delle Idee nella Prospettiva sociologica di Niklas Luhmann
250 _a1a ed.
260 _aBOLOGNA
260 _bClueb
260 _c1987 [1° Ed.:1987 - Ed.Ling.Originale:1987]
300 _a"176 p. (prefazione: no ; testo: 176)"
500 _aTesi di Niklas Luhmann correlazione tra Evoluzione della Struttura della Società e Trasformazioni nella Semantica Disponibile per la Comunicazione Dibattito e Confronto tra Tematiche Classiche negazione e Modalità Bibliografia
650 _aSEMANTICA
650 _eCodice materia Spics: 3301
700 _aCorsi GiancarloEsposito Elena
700 _gCodice Aut. SPICS: 21161Codice Aut. SPICS: 21162
942 _cBK
957 _71
999 _c66344
_d66344
999 _bSI
999 _g1